000 00698nam a2200289Ia 4500
005 20260324140452.0
008 008 260324s9999 xx 000 0 eng d
020 _a9780203006238
037 _aEBOOK
040 _aCRL
040 _beng
040 _cCRL
041 _2eng
041 _aeng
084 _qCRL
100 _aRamsay Burt
_91184134
245 0 _aAlien Bodies
245 0 _bRepresentations of Modernity, 'Race' and Nation in Early Modern Dance
260 _bTaylor and Francis
260 _c1998
365 _a
365 _b230
856 _uhttp://www.taylorfrancis.com/books/9780203006238
942 _cEBOOK
999 _c1806636
_d1806636